书目信息 |
| 题名: |
中国历代天灾人祸表
|
|
| 作者: | 陈高傭 编 | |
| 分册: | 下 | |
| 出版信息: | 上海 上海书店影印出版 1986.06 |
|
| 页数: | 913-1690页 | |
| 开本: | 26cm | |
| 丛书名: | ||
| 单 册: | ||
| 中图分类: | K208 | |
| 科图分类: | ||
| 主题词: | 中国--通史 | |
| 电子资源: | ||
| ISBN: | ||
| 000 | 00613nam0 2200205 450 | |
| 001 | 0657800047 | |
| 005 | 20061114161046.89 | |
| 010 | @b精装@dCNY16.00 | |
| 100 | @a20061114d1986 km y0chiy0120 ea | |
| 101 | 0 | @achi |
| 102 | @aCN@b310000 | |
| 200 | 1 | @a中国历代天灾人祸表@Azhong guo li dai tian zai ren huo biao@h下@f陈高傭等编@Fchen gao yong deng bian |
| 210 | @a上海@c上海书店影印出版@d1986.06 | |
| 215 | @a913-1690页@d26cm | |
| 300 | @a根据暨南大学一九三六年版影印 | |
| 606 | 0 | @a中国@x通史 |
| 690 | @aK208@v3 | |
| 701 | 0 | @a陈高傭@Achen gao yong@4编 |
| 801 | 0 | @aCN@bPFT@c20061114 |
| 905 | @a10447@dK208@e11:2 | |
| 中国历代天灾人祸表.下/陈高傭等编.-上海:上海书店影印出版,1986.06 |
| 913-1690页;26cm |
| 根据暨南大学一九三六年版影印 |
| ISBN (精装):CNY16.00 |
| ● |
| 相关链接 |
|
|
|
|
正题名:中国历代天灾人祸表
索取号:K208/11:2
 
预约/预借
| 序号 | 登录号 | 条形码 | 馆藏地/架位号 | 状态 | 备注 |
| 1 | 0170727 | 000815372 | 第二样本阅览室/ [索取号:K208/11:2] | 在馆 |